书目信息 |
| 题名: |
牡丹亭
|
|
| 作者: | 汤显祖 著 ;徐朔方 , 杨笑梅 校注 | |
| 分册: | ||
| 出版信息: | 北京 人民文学出版社 1963 |
|
| 页数: | 292页 | |
| 开本: | 19cm | |
| 丛书名: | 中国古典文学读本丛书 | |
| 单 册: | ||
| 中图分类: | I237.2 | |
| 科图分类: | ||
| 主题词: | 戏剧文学--剧本--中国 | |
| 电子资源: | ||
| ISBN: | ||
| 000 | 00783nam2 2200277 45 | |
| 001 | 0178002654 | |
| 005 | 20040312090044.3 | |
| 010 | @dCNY1.00 | |
| 091 | @a10019.1732 | |
| 100 | @a19950719e19781963em y0chiy0121 ea | |
| 101 | 0 | @achi |
| 102 | @aCN@b110000 | |
| 105 | @af z 000by | |
| 106 | @ar | |
| 200 | 10 | @a牡丹亭@Amu dan ting@f(明)汤显祖著@g徐朔方,杨笑梅校注 |
| 210 | @a北京@c人民文学出版社@d1963@h1978重印 | |
| 215 | @a292页@c图@d19cm | |
| 225 | 2 | @a中国古典文学读本丛书 |
| 410 | 0 | @120010@a中国古典文学读本丛书 |
| 606 | 0 | @a戏剧文学@x剧本@x中国 |
| 690 | @aI237.2@v3 | |
| 701 | 0 | @a汤显祖@Atang xian zu@4著 |
| 702 | 0 | @a徐朔方@Axu shuo fang@4校注 |
| 702 | 0 | @a杨笑梅@Ayang xiao mei@4校注 |
| 801 | 0 | @aCN@bNLC@c20040311 |
| 905 | @f1@b29775@f1@b28234@dI237.2@e4 | |
| 牡丹亭/(明)汤显祖著/徐朔方,杨笑梅校注.-北京:人民文学出版社,1963(1978重印) |
| 292页:图;19cm.-(中国古典文学读本丛书) |
| ISBN :CNY1.00 |
| ● |
| 相关链接 |
|
|
|
|
正题名:牡丹亭
索取号:I237.2/4
 
预约/预借
| 序号 | 登录号 | 条形码 | 馆藏地/架位号 | 状态 | 备注 |
| 1 | 0028234 | 001896238 | 密集书库/ [索取号:I237.2/4] | 在馆 | |
| 2 | 0029775 | 001897273 | 密集书库/ [索取号:I237.2/4] | 在馆 |